SPARADHA PARIKHSHA BHUDHIMAPAN CHACHANI (Record no. 1219744)

MARC details
000 -LEADER
fixed length control field 00387nam a2200157Ia 4500
008 - FIXED-LENGTH DATA ELEMENTS--GENERAL INFORMATION
fixed length control field 260407s2020 xx 000 0 und d
041 ## - LANGUAGE CODE
Language code of text/sound track or separate title eng
082 ## - DEWEY DECIMAL CLASSIFICATION NUMBER
Classification number 153.94/ANI
Item number 12252
100 ## - MAIN ENTRY--PERSONAL NAME
Personal name DR. ANIRUDDHA
245 ## - TITLE STATEMENT
Title SPARADHA PARIKHSHA BHUDHIMAPAN CHACHANI
250 ## - EDITION STATEMENT
Edition statement 2ND
260 ## - PUBLICATION, DISTRIBUTION, ETC.
Place of publication, distribution, etc. PUNE
Name of publisher, distributor, etc. K.SAGAR PUB HOUSE
Date of publication, distribution, etc. 2020
300 ## - PHYSICAL DESCRIPTION
Extent 246p
650 ## - SUBJECT ADDED ENTRY--TOPICAL TERM
Topical term or geographic name entry element GENERAL
650 ## - SUBJECT ADDED ENTRY--TOPICAL TERM
Topical term or geographic name entry element GENERAL
Holdings
Withdrawn status Lost status Damaged status Not for loan Home library Current library Date acquired Cost, normal purchase price Total Checkouts Full call number Barcode Date last seen Price effective from Koha item type
        College of Pharmacy, Kolhapur College of Pharmacy, Kolhapur 08/04/2026 255.00   153.94/ANI/12252 PCK-12252 08/04/2026 08/04/2026 Book